000 00215nam a2200097Ia 4500
008 240331s9999 xx 000 0 und d
082 _bLYN
100 _aLynn, R. H
245 0 _aAll the King's men :
_bnotes
942 _cL
999 _c3186
_d3186